Complete the Shakespeare Quote Quiz Stats

Quiz Updated Mar 8, 2012

Challenge
Share
Tweet
Embed
Score 0/85 Timer 10:00
0 Plays Today
% Correct
ears
80.5%
wherefore
79.2%
countrymen
73.4%
name
72%
nobler
65.9%
world's
64.3%
women
62.4%
arrows
61.3%
longer
57.3%
deny
53.4%
Capulet
53.2%
play
49.8%
discontent
49.2%
suffer
48.4%
winter
48.1%
merely
46.2%
arms
45.6%
outrageous
45%
praise
43.9%
bury
42.7%
music
40.6%
end
39.9%
kill
39.7%
food
38.3%
candle
37.4%
men
37%
fools
36.6%
breach
35.6%
stage
35.2%
% Correct
troubles
35%
mortals
33.6%
friends
31.5%
unto
29.8%
wilt
29.1%
player
27.1%
green
26.9%
hour
26.3%
monster
26.2%
shadow
25.7%
heard
25.4%
York
24.3%
glorious
24.2%
dreams
23.8%
evil
23.8%
frets
23%
sworn
22.5%
lives
22.3%
made
21.9%
shall
21.4%
stuff
19.9%
die
19.9%
laugh
17.5%
tickle
16.3%
first
15.9%
tooth
15.9%
sleep
14.8%
excess
14.4%
lawyers
14.2%
% Correct
sharper
14.1%
English
13.7%
revenge
13.4%
fee
12.8%
wrong
12.6%
little
12.2%
wall
12%
thankless
11.7%
Age
11.6%
poison
10.6%
Padua
10.4%
meat
9.1%
wither
9.1%
wive
9%
mock
9%
variety
8.1%
wealthily
7.9%
feel
7.8%
close
7.3%
custom
6%
mistook
5.8%
pageant
5.5%
fond
4.9%
mother's
4.9%
pleading
3.9%
contempt
3.5%
benefits
3.1%

You're not logged in!

Compare scores with friends on all Sporcle quizzes.
Sign Up with Email
OR
Log In

You Might Also Like...

Show Comments

Extras

Top Quizzes Today


Score Distribution

Your Account Isn't Verified!

In order to create a playlist on Sporcle, you need to verify the email address you used during registration. Go to your Sporcle Settings to finish the process.